[Event "CFriend CP-2005-P-00010"]
[Site "Chessfriend.com"]
[Date "2005.10.01"]
[Round "1"]
[White "Muata, Kashka"]
[Black "Zednik, Martin"]
[Result "1/2-1/2"]
[WhiteElo "800"]
[BlackElo "1792"]
[PlyCount "104"]
[EventDate "2005.??.??"]
[EventType "tourn (corr)"]
[EventRounds "6"]
[SourceTitle "Corr 2008"]
[Source "ChessBase"]
[SourceDate "2008.06.24"]
[SourceVersion "1"]
[SourceVersionDate "2008.06.24"]
[SourceQuality "1"]

1. Nf3 d5 2. c4 c6 3. b3 Nf6 4. e3 Bg4 5. cxd5 cxd5 6. Bb2 e6 7. Nc3 Nc6 8. Rc1 a6 9. Be2 Bd6 10. h3 Bxf3 11. Bxf3 0-0 12. 0-0 Rc8 13. d4 Qe7 14. Na4 Rc7 15. Re1 Rfc8 16. Nb6 Rd8 17. Qe2 Re8 18. Red1 Rd8 19. Qd2 Nb4 20. Ba3 Nc6 21. Bc5 Ne8 22. b4 f5 23. a4 Qg5 24. Rc2 Rf7 25. b5 axb5 26. axb5 Bxc5 27. Rxc5 Ne7 28. Qe2 Nf6 29. Rc7 Ng6 30. Rxf7 Kxf7 31. Rc1 Ne8 32. Nc8 Ne7 33. Bh5+ g6 34. Nxe7 Qxe7 35. Bf3 Nd6 36. Rc5 Rd7 37. Qc2 b6 38. Rc6 Nxb5 39. Rxb6 Na3 40. Qc3 Rc7 41. Rc6 Nc4 42. Rxc7 Qxc7 43. Kf1 Qb8 44. g3 Qb1+ 45. Kg2 Qa2 46. Bd1 h6 47. Bc2 Qa3 48. Qxa3 Nxa3 49. Bd3 Nc4 50. g4 Kf6 51. Kg3 e5 52. dxe5+ Kxe5 1/2-1/2